000 00632nam a2200241Ia 4500
003 OSt
005 20220924130814.0
006 a|||||r|||| 00| 0
007 ta
008 220923b |||||||| |||| 00| 0 urd d
020 _c25.00
024 _a315590
037 _cTextual
040 _aARTS
_cARTS
_burd
041 _2urd
_aurd
082 _aO168,1NSQ,1, M2
100 _aKakralvi Shad Qadri
_9200705
245 0 _aAaina-e-jazbat
260 _aU.P.
_bShad Qadri India
_c1982
650 _aURDU POETRY
942 _hO168,1NSQ,1, M2
_cTEXL
_2CC
999 _c425387
_d425387